000 00620nam a22002057a 4500
003 OSt
005 20141107165631.0
008 141107b xxu||||| |||| 00| 0 eng d
020 _a0443039984
040 _cDNLM
082 _aQZ 4 R244 1987
245 _aRecent Advances in Histopathology /
_cEdited by Peter P. Anthony, Roderick N. M. MacSween
260 _aLondon:
_bChurchill Livingstone;
_c1987
300 _a308 p :
_bill ;
_c27 cm.
504 _aIncludes Index
650 _aHistopathology
_91849
700 _4Editor
_aAnthony Peter P.
_91949
700 _4Editor
_aMacSween Roderick M. N.
_91950
942 _2z
_cSLOAN
999 _c731
_d731